Gaming Quiz

Random Gaming or Pokémon Quiz

Grass Pokémon (Gen I) Quiz Stats

 Plays Quiz Updated May 10, 2016

Score 0/14 Timer 04:00
5 Plays Today
Pokémon name % Correct
Bulbasaur
98.6%
Ivysaur
95.5%
Venusaur
92.2%
Oddish
84.4%
Gloom
83.7%
Bellsprout
81.5%
Vileplume
80.7%
Pokémon name % Correct
Weepinbell
78.6%
Victreebel
76.6%
Tangela
63.9%
Paras
58.4%
Parasect
57.8%
Exeggcute
55.2%
Exeggutor
55%

You're not logged in!

Compare scores with friends on all Sporcle quizzes.
OR
Log In

Sporcle TV

Today on Sporcle TV


Watch our educational content, quiz creation guides, and fun videos on Sporcle TV.

Show Comments

Extras

Top Quizzes Today


Score Distribution

Your Account Isn't Verified!

In order to create a playlist on Sporcle, you need to verify the email address you used during registration. Go to your Sporcle Settings to finish the process.

Report this User

Report this user for behavior that violates our Community Guidelines.

Details: